| 000 | 00430nam a2200145Ia 4500 | ||
|---|---|---|---|
| 008 | 211109s9999||||xx |||||||||||||| ||und|| | ||
| 082 |
_a519.2 _bGNE-T |
||
| 100 | _aGnedenko, B V | ||
| 245 | 0 | _aTheory Of Probnability | |
| 260 |
_bMir Publishers _aMoscow _c1969 |
||
| 300 | _a392p | ||
| 630 | _xGENERAL STACK | ||
| 650 |
_aNatural Science & mathematics _vMathematics _xProbabilities & applied mathematicsMathematics |
||
| 942 | _cBOOK | ||
| 999 |
_c40213 _d40213 |
||